15 principali Codici dell'Ordinamento Italiano - Statistics

Statistiche generali
  • Questo quiz è stato fatto 27 volte
  • Il punteggio medio è 5 su 15
Statistiche sulle risposte
Anno Nome del Codice % Corretto
1942 Codice civile
100%
1930 Codice penale
96%
1942 Codice di procedura civile
64%
1989 Codice di procedura penale
64%
1992 Codice della strada
40%
1970 Codice del lavoro
28%
2010 Codice dell’ordinamento militare
24%
2010 Codice del processo amministrativo
24%
2003 Codice della privacy
20%
2006 Codice dell’ambiente
16%
1942 Codice della navigazione
16%
2023 Codice dei contratti pubblici
12%
2005 Codice del consumo
12%
2019 Codice della crisi d’impresa e dell’insolvenza
8%
2018 Codice della protezione civile
0%
Nessun quiz corrispondente trovato
Distribuzione punteggi
Percentuale di utenti per punteggio
Percentile per numero di risposta
I tuoi punteggi nel tempo
Non hai fatto questo quiz